| 000 | 00999nam a22002897i 4500 | ||
|---|---|---|---|
| 003 | DO-SdBNP | ||
| 005 | 20230620142319.0 | ||
| 007 | ta | ||
| 008 | 110301s2022 dr 000 0 spa d | ||
| 040 |
_aDO-SdBNP _bspa _cBNPHU _erda |
||
| 082 | 4 |
_bF293p _222 |
|
| 110 |
_aFederación Dominicana de Municipios (FEDOMU) _981790 |
||
| 245 | 0 | 0 |
_aPlan municipal de desarrollo (PMD) : _bguía metodológica para su formulación : marco conceptual y metodológico para su formulación |
| 264 |
_aSanto Domingo : _bFEDOMU, _c2022 |
||
| 300 |
_a100 paginas. : _bilustraciones ; _c23 cm. |
||
| 336 |
_2rdacontent _atexto _btxt |
||
| 337 |
_2rdamedia _asin mediación _bn |
||
| 338 |
_2rdacarrier _avolumen _bnc |
||
| 590 | _aInventariado, 2023 / DG | ||
| 650 | 4 |
_aGobierno local _zRepública Dominicana _937338 |
|
| 650 | 4 |
_aAdministración municipal _zRepública Dominicana |
|
| 650 | 4 |
_aMunicipios _zRepública Dominicana _917208 |
|
| 700 | _981450 | ||
| 710 | _981790 | ||
| 910 | _aDG | ||
| 942 |
_2ddc _cLBS1 |
||
| 999 |
_c53868 _d53868 |
||